Rupert Brooke papers, (Record no. 43922)

MARC details
000 -LEADER
fixed length control field 01273cpcaa2200313 4500
001 - CONTROL NUMBER
control field mm 83004739
003 - CONTROL NUMBER IDENTIFIER
control field DLC
005 - DATE AND TIME OF LATEST TRANSACTION
control field 20260227111719.0
008 - FIXED-LENGTH DATA ELEMENTS--GENERAL INFORMATION
fixed length control field 830926|||||||||||| eng
010 ## - LIBRARY OF CONGRESS CONTROL NUMBER
LC control number mm 83004739
040 ## - CATALOGING SOURCE
Original cataloging agency DLC
Transcribing agency DLC
Description conventions dacs
Modifying agency DLC
072 #7 - SUBJECT CATEGORY CODE
Subject category code L
Source lcmd
100 1# - MAIN ENTRY--PERSONAL NAME
Personal name Brooke, Rupert,
Dates associated with a name 1887-1915.
245 00 - TITLE STATEMENT
Title Rupert Brooke papers,
Inclusive dates 1913-1914.
300 ## - PHYSICAL DESCRIPTION
Extent 32
Type of unit items.
506 0# - RESTRICTIONS ON ACCESS NOTE
Terms governing access Open to research.
520 8# - SUMMARY, ETC.
Summary, etc. Letter (1913 May 16) introducing Rupert Brooke to Russell Hillard Loines, and letters, telegrams, and a postcard (1913 June 3-1914 December 25) of Brooke to Loines. Also includes photocopies of seven of Brooke's poems (1914).
533 ## - REPRODUCTION NOTE
Type of reproduction In part, positive photocopies.
Place of reproduction [S.l.].
545 0# - BIOGRAPHICAL OR HISTORICAL DATA
Biographical or historical data Poet and British naval officer.
546 ## - LANGUAGE NOTE
Language note Collection material in English.
580 ## - LINKING ENTRY COMPLEXITY NOTE
Linking entry complexity note Forms part of: Miscellaneous Manuscripts collection.
650 #0 - SUBJECT ADDED ENTRY--TOPICAL TERM
Topical term or geographic name entry element Poetry.
600 10 - SUBJECT ADDED ENTRY--PERSONAL NAME
Personal name Loines, Russell Hillard
Form subdivision Correspondence.
656 #7 - INDEX TERM--OCCUPATION
Occupation Naval officers, British.
Source of term itoamc
656 #7 - INDEX TERM--OCCUPATION
Occupation Poets.
Source of term itoamc

No items available.

Powered by Koha